| 000 | 00482nam a2200181Ia 4500 | ||
|---|---|---|---|
| 001 | 7186 | ||
| 008 | 140321s9999 xx 000 0 und d | ||
| 020 | _a0-671-76546-9 | ||
| 040 | _cPK-LaUMT | ||
| 082 |
_a 153.1 _bBRI-P |
||
| 100 | _aBristol, Claude M. | ||
| 245 |
_aTNT The power within you : How to release the forces inside _cBristol, Claude M.<>Sherman, Harold, J.A. |
||
| 260 | _c1992 | ||
| 300 | _a238 p. | ||
| 546 | _aEN | ||
| 700 | _aSherman, Harold, J.A. | ||
| 942 | _cBK | ||
| 999 |
_c8643 _d8643 |
||